| Tag |
First Indicator |
Second Indicator |
Subfields |
| LEADER |
00000cim a2200000Ia 4500 |
| 001 |
in00002337728 |
| 005 |
20151108042606.0 |
| 007 |
sd fungnnmmned |
| 008 |
060912s2006 nyunnn d f eng d |
| 020 |
|
|
|a 0739337203
|
| 020 |
|
|
|a 9780739337202
|
| 028 |
0 |
1 |
|a YA 1115A
|b Listening Library
|
| 035 |
|
|
|a (OCoLC)ocm71299793
|
| 035 |
|
|
|a (OCoLC)71299793
|
| 040 |
|
|
|a BKX
|c BKX
|d BAKER
|d IH9
|d BTCTA
|d TXA
|d UtOrBLW
|
| 043 |
|
|
|a n-us-wa
|
| 049 |
|
|
|a TXAM
|
| 050 |
|
4 |
|a PZ7.M57188
|b New 2006b
|
| 082 |
0 |
4 |
|a [Fic]
|2 22
|
| 100 |
1 |
|
|a Meyer, Stephenie,
|d 1973-
|
| 245 |
1 |
0 |
|a New moon /
|c Stephenie Meyer.
|
| 250 |
|
|
|a Unabridged.
|
| 264 |
|
1 |
|a New York :
|b Listening Library,
|c [2006]
|
| 264 |
|
4 |
|c ℗2006
|
| 300 |
|
|
|a 12 sound discs (15 hr.) :
|b digital, Dolby processed ;
|c 4 3/4 in.
|
| 336 |
|
|
|a spoken word
|b spw
|2 rdacontent
|
| 337 |
|
|
|a audio
|b s
|2 rdamedia
|
| 338 |
|
|
|a audio disc
|b sd
|2 rdacarrier
|
| 511 |
0 |
|
|a Read by Ilyana Kadushin.
|
| 500 |
|
|
|a Compact discs.
|
| 520 |
|
|
|a When the Cullens, including her beloved Edward, leave Forks rather than risk revealing that they are vampires, it is almost too much for eighteen-year-old Bella to bear, but she finds solace in her friend Jacob until he is drawn into a "cult" and changes in terrible ways.
|
| 500 |
|
|
|a Sound recording.
|
| 650 |
|
0 |
|a Vampires
|v Juvenile sound recordings.
|
| 650 |
|
0 |
|a Werewolves
|v Juvenile sound recordings.
|
| 650 |
|
0 |
|a High schools
|z Washington (State)
|v Juvenile sound recordings.
|
| 651 |
|
0 |
|a Washington (State)
|v Juvenile sound recordings.
|
| 650 |
|
1 |
|a Vampires
|v Fiction.
|
| 650 |
|
1 |
|a Werewolves
|v Fiction.
|
| 650 |
|
1 |
|a High schools
|v Fiction.
|
| 650 |
|
1 |
|a Schools
|v Fiction.
|
| 651 |
|
1 |
|a Washington (State)
|v Fiction.
|
| 655 |
|
7 |
|a Children's audiobooks.
|2 lcgft
|
| 700 |
1 |
|
|a Kadushin, Ilyana.
|
| 710 |
2 |
|
|a Listening Library.
|
| 994 |
|
|
|a C0
|b TXA
|
| 948 |
|
|
|a cataloged
|b h
|c 2007/9/24
|d c
|e blrosas
|f 3:32:13 pm
|
| 999 |
|
|
|a MARS
|
| 999 |
f |
f |
|s 7af9bf73-8a7c-3fbd-905e-4c8055ac3849
|i 4cfd1db6-4a9c-38d1-8767-9fc39017e1d8
|t 0
|
| 952 |
f |
f |
|p ric
|a Texas A&M University
|b Rellis Campus
|c Joint Library Facility
|d Remote Storage
|t 0
|e PZ7.M57188 New 2006b
|h Library of Congress classification
|i audio -- audio disc
|m A14837546652
|
| 998 |
f |
f |
|a PZ7.M57188 New 2006b
|t 0
|l Remote Storage
|